000 00698na a2200253 4500
001 14692
003 MIRAKIL
005 20181213155134.0
008 161026b tu 000 0
020 _a9789759769536
035 _a14692
040 _aMilas
_btur
_cTR-AnCHP
041 _atur
082 _a321.8
_bİ52a 2012
090 _a321.8 İ52a 2012
100 _aİnal, Turgut
245 _a"Ah demokrasi vah demokrasi"
_cTurgut İnal
260 _aİstanbul
_b[ yayl. y.]
_c2012
300 _a392 s.
_bfotg.
_c21 sm.
500 _aYapıt yazarından imzalıdır.
650 _aSiyaset ve yönetim
_xDenemeler
_zTürkiye
650 _aDemokrasi
_xDenemeler
_zTürkiye
942 _2ddc
_cBKS
999 _c7292
_d7292